Dates de La Guerre Froide - Statistiques

Statistiques générales
  • Ce quiz a été pris 119 fois
  • Le résultat moyen est 5 sur 12
Statistiques - réponses
Dates Réponses % Correct
1947-1991 Guerre Froide
95%
1950-1953 Guerre de Corée (opposant la Corée du Nord et du Sud)
71%
1989 Chute du mur de Berlin (symbole de la séparation, entre les blocs Ouest et Est)
66%
1962 Crise des missiles de Cuba (Opposant les USA et L'Union Soviétique)
58%
1947 Indépendance de L'Inde et du Pakistan
39%
1957 Traité de Rome (signé entre 6 pays européens, dont la France, ce traité crée la CEE)
32%
2001 Attentats terroristes aux Etats-Unis (perpétrés par le réseau Al-Quaida)
25%
1955 Conférence de Bandug (réunion des représentants de 29 pays asiatiques et africains)
25%
1er octobre 1949 Proclamation de la République populaire de Chine (victoire parti communiste)
25%
1971 Chine populaire (membre permanent du conseil de la sécurité de l'ONU)
20%
1991 Première Guerre du Golfe (entre l'Irak et une coalition autour des USA)
19%
1975 Accords d'Helsinki (le but est favoriser la coopération et la sécurité en Europe)
7%
Aucun quiz correspondant
Distribution des résultats
% des personnes avec chaque résultat
Percentile par nombre de réponses
Votre historique - résultats
Vous n’avez pas pris ce quiz